000 00266nam a2200109Ia 4500
008 240625s9999 xx 000 0 und d
041 _aeng
082 _a332.1 SUR
100 _aSURESH PADMALATHA
245 _aMANAGEMENT OF BANKING AND FINANCIAL SERV
260 _c2015
999 _c39246
_d39246